000 00568nmm a2200193Ia 4500
008 251105s9999||||xx |||||||||||||||||und||
020 _a9781612364520
041 _aspa
100 _aArmentrout, David
245 0 _aFlorence Nightingale
264 _a[Madrid, España] :
_bRourke Educational Media,
_c2002
300 _a24 páginas
490 _aPersonas que cambiaron la historia
650 _aAges 9-12 Years Old
700 _aArmentrout, David
700 1 _a Armentrout, Patricia
856 _uhttps://public.digitaliapublishing.com/a/24884
942 _cCF
999 _c62134
_d62134